[Event "Nowy Sacz-ch"]
[Site "Nowy Sacz"]
[Date "2000.12.01"]
[Round "5"]
[White "Mrozowski, Andrzej"]
[Black "Bernacki, Marcin"]
[Result "0-1"]
[WhiteElo "1800"]
[BlackElo "1800"]
[PlyCount "108"]
[EventDate "2000.11.25"]
[EventType "swiss"]
[EventRounds "9"]
[EventCountry "POL"]
[SourceTitle "EXT 2005"]
[Source "ChessBase"]
[SourceDate "2004.11.15"]
[SourceVersion "1"]
[SourceVersionDate "2004.11.15"]
[SourceQuality "1"]

1. Nf3 c5 2. c4 Nf6 3. e3 e6 4. d4 d5 5. Nc3 Nc6 6. dxc5 Bxc5 7. cxd5 exd5 8. Bb5 0-0 9. 0-0 Bg4 10. Be2 Ne7 11. Qb3 b6 12. Rd1 Rc8 13. h3 Be6 14. Ng5 Qc7 15. Ba6 Rcd8 16. Nb5 Qb8 17. Nxe6 fxe6 18. Nd4 Qd6 19. Qc2 Ne4 20. Nf3 h6 21. a3 Qd7 22. Bd3 Nf6 23. b4 Bd6 24. Bb2 Rc8 25. Qb3 Qe8 26. Nd4 Nc6 27. Bb5 Nxd4 28. Bxe8 Nxb3 29. Bxf6 Rxf6 30. Bd7 Rc7 31. Bxe6+ Rxe6 32. Rab1 Nc5 33. bxc5 Rxc5 34. Rb3 Bc7 35. Rbd3 Rec6 36. g3 Rc1 37. Rxd5 Rxd1+ 38. Rxd1 Bd6 39. a4 Kf7 40. f4 Ke6 41. Kf2 Rc4 42. Ra1 Bc5 43. g4 Re4 44. f5+ Ke7 45. Re1 Rxa4 46. Kf3 Ra3 47. Ke4 Rxe3+ 48. Rxe3 Bxe3 49. Kxe3 b5 50. Kd4 b4 51. Kc4 a5 52. h4 Kf6 53. Kb3 h5 54. gxh5 Kxf5 0-1